000 00730cam a2200229 4500
001 ABS61417
008 000000n1999 000 0 eng u
035 _a(Sirsi) u100560
100 _aAmbrose, B.W.
245 _aMixing income groups in public housing
260 _c1999
490 _aWharton Real Estate Review
_v3(2) Fall 1999, 7-15(5)
520 _aDiscusses a new programme, Hope IV, in America which is intended to end poor public housing by recreating and supporting sustainable communities. Tables.
590 _aABS
650 _aPUBLIC HOUSING
650 _aUNITED STATES
650 _aHOUSING PROGRAMME
650 _aPOVERTY
690 _aOVERSEAS-NORTH AMERICA
700 _aGrigsby, W.
942 _n0
999 _c60155
_d60155